[Event "ECC"]
[Site "Rethymnon GRE"]
[Date "2003.09.28"]
[Round "1"]
[White "Rasmussen,K"]
[Black "Dolmatov,S"]
[Result "1/2-1/2"]
[WhiteElo "2437"]
[BlackElo "2605"]
[EventDate "2003.09.28"]

1. Nf3 Nf6 2. c4 g6 3. Nc3 Bg7 4. g3 c6 5. Bg2 d5 6. cxd5 cxd5 7. d4 O-O 8.
Ne5 e6 9. O-O Nfd7 10. Nxd7 Bxd7 11. e3 Nc6 12. b3 Re8 13. Bb2 Ne7 14. Qd3
Nf5 15. Rfc1 Qa5 16. a4 Rac8 17. Na2 Bf8 18. Bf1 h5 19. Rxc8 Rxc8 20. Rc1
Rxc1 21. Nxc1 Qc7 1/2-1/2

[Event "ECC"]
[Site "Rethymnon GRE"]
[Date "2003.09.28"]
[Round "1"]
[White "Boe,M"]
[Black "Galkin,A"]
[Result "0-1"]
[WhiteElo "2366"]
[BlackElo "2607"]
[EventDate "2003.09.28"]

1. e4 c6 2. d4 d5 3. Nd2 dxe4 4. Nxe4 Nd7 5. c3 Ngf6 6. Nxf6+ Nxf6 7. Bc4
Qc7 8. Ne2 e6 9. Bf4 Bd6 10. Bxd6 Qxd6 11. Qd3 O-O 12. Qg3 Rd8 13. O-O b6
14. Rfe1 Qxg3 15. Nxg3 Bb7 16. Be2 Rd7 17. Rad1 Rad8 18. Nf1 Nd5 19. Bf3
Kf8 20. Ne3 Nxe3 21. fxe3 Ke7 22. Kf2 f6 23. Rd2 c5 24. Red1 Bxf3 25. Kxf3
f5 26. Ke2 Rc7 27. Kf3 Rcd7 28. Ke2 c4 29. h4 Kd6 30. e4 fxe4 31. Ke3 Rf8
32. Kxe4 Rdf7 33. Re2 Rf1 34. Rxf1 Rxf1 35. Re3 Ra1 36. Rg3 g6 37. Rh3 Rxa2
38. g4 Rxb2 0-1

[Event "ECC"]
[Site "Rethymnon GRE"]
[Date "2003.09.28"]
[Round "1"]
[White "Nevanlinna,R"]
[Black "Belozerov,A"]
[Result "0-1"]
[WhiteElo "2357"]
[BlackElo "2541"]
[EventDate "2003.09.28"]

1. e4 e5 2. Nf3 Nc6 3. Bb5 a6 4. Ba4 Nf6 5. O-O b5 6. Bb3 Bb7 7. d3 Be7 8.
c3 O-O 9. Nbd2 h6 10. Re1 Re8 11. Nf1 Bf8 12. Ng3 Na5 13. Bc2 c5 14. d4
cxd4 15. cxd4 exd4 16. Nxd4 Qc7 17. b3 d5 18. Bb2 dxe4 19. Rc1 Qf4 20. Nde2
Qg5 21. Bxf6 Qxf6 22. Qd2 Qb6 23. Nf5 Re5 24. Neg3 Rae8 25. Qf4 Qe6 26. h4
h5 27. Rcd1 Bd5 28. Nd4 Qg4 29. Nde2 Bb4 30. Rf1 Nb7 31. f3 exf3 32. gxf3
Bc5+ 0-1

[Event "ECC"]
[Site "Rethymnon GRE"]
[Date "2003.09.28"]
[Round "1"]
[White "Filippov,Va"]
[Black "Franssila,T"]
[Result "1-0"]
[WhiteElo "2630"]
[BlackElo "2269"]
[EventDate "2003.09.28"]

1. Nf3 d5 2. d4 Nc6 3. c4 Bg4 4. cxd5 Bxf3 5. gxf3 Qxd5 6. e3 e5 7. Nc3 Bb4
8. Bd2 Bxc3 9. bxc3 Nf6 10. c4 Qd6 11. d5 Ne7 12. Qa4+ Nd7 13. Bb4 c5 14.
dxc6 Qxc6 15. Qxc6 Nxc6 16. Bd6 b6 17. c5 Nxc5 18. Rc1 O-O-O 19. Bxc5 bxc5
20. Rxc5 Rd6 21. Bc4 Rhd8 22. O-O Kc7 23. Bxf7 Rd1 24. Bb3 Rxf1+ 25. Kxf1
Kb6 26. Rc1 Rd6 27. Ba4 Nb4 28. a3 Na6 29. Rb1+ Ka5 30. Bc2 Nc5 31. Bxh7
Rh6 32. Bc2 Rxh2 33. Ke2 Rh6 34. Rg1 Ra6 35. Rxg7 Kb5 36. Bd3+ Nxd3 37.
Kxd3 Rxa3+ 38. Ke4 a5 39. Kxe5 Ra2 40. f4 Rxf2 41. f5 a4 42. f6 Kb6 43. Rg8
1-0

[Event "ECC"]
[Site "Rethymnon GRE"]
[Date "2003.09.28"]
[Round "1"]
[White "Mueller,Ka"]
[Black "Azmaiparashvili,Z"]
[Result "0-1"]
[WhiteElo "2521"]
[BlackElo "2702"]
[EventDate "2003.09.28"]

1. e4 d6 2. d4 g6 3. Nc3 Bg7 4. Be3 a6 5. a4 Nf6 6. h3 O-O 7. g4 c5 8. dxc5
Qa5 9. Bg2 dxc5 10. Nge2 Rd8 11. Qc1 Nc6 12. O-O h5 13. g5 Ne8 14. f4 Nd6
15. Bd2 Nc4 16. Be1 Nd4 17. Rf2 Re8 18. b3 Nd6 19. e5 N6f5 20. Nd5 Qd8 21.
a5 Nh4 22. Bh1 Nhf3+ 23. Bxf3 Nxf3+ 24. Rxf3 Qxd5 25. Qe3 Bf5 26. c4 Qc6
27. Nc3 Rad8 28. Qe2 f6 29. Nd5 Be6 30. Rd1 Qc8 31. Qd3 Kh7 32. gxf6 exf6
33. Bh4 Rxd5 34. cxd5 Bf5 35. Qf1 fxe5 36. fxe5 Rxe5 37. d6 Qd7 38. Be7 Re4
39. Rd5 Bd4+ 40. Kh1 Qe6 41. d7 Re1 42. Rxd4 Be4 43. Qxe1 Bxf3+ 44. Kh2
Qxe1 45. Bh4 Qe5+ 0-1

[Event "ECC"]
[Site "Rethymnon GRE"]
[Date "2003.09.28"]
[Round "1"]
[White "Schlosser,M"]
[Black "Aleksandrov,A"]
[Result "0-1"]
[WhiteElo "2367"]
[BlackElo "2659"]
[EventDate "2003.09.28"]

1. e4 e5 2. Bc4 Nf6 3. d3 c6 4. Nf3 Be7 5. Nc3 d6 6. h3 h6 7. a4 Nbd7 8. d4
Qc7 9. O-O Nf8 10. Re1 g5 11. dxe5 dxe5 12. Nh2 Ne6 13. Nf1 Nf4 14. Ne3 Bb4
15. Nf5 Nxe4 16. Rxe4 Bxf5 17. Bxf7+ Qxf7 18. Rxb4 a5 19. Qd6 Ng6 20. Ne4
Rf8 21. Qc5 Rd8 22. Qxa5 Bxe4 23. Rxe4 Qxf2+ 24. Kh2 Qxc2 25. Rxe5+ Nxe5
26. Qxe5+ Kd7 27. Be3 Rfe8 28. Qd4+ Kc8 29. Qa7 Rxe3 30. Qxe3 Qxb2 31. Rf1
Kb8 32. Rf7 Qd4 0-1

[Event "ECC"]
[Site "Rethymnon GRE"]
[Date "2003.09.28"]
[Round "1"]
[White "Sigfusson,S"]
[Black "Macieja,B"]
[Result "0-1"]
[WhiteElo "2323"]
[BlackElo "2627"]
[EventDate "2003.09.28"]

1. e4 c5 2. Nf3 Nc6 3. d4 cxd4 4. Nxd4 Qc7 5. Nc3 e6 6. Be3 a6 7. a3 b5 8.
Be2 Bb7 9. O-O Nf6 10. f4 Nxd4 11. Qxd4 h5 12. h3 h4 13. Bf3 Rc8 14. Rad1
Be7 15. e5 Nh5 16. Ne4 Bxe4 17. Bxe4 Ng3 18. Rf2 O-O 19. c3 d5 20. exd6
Bxd6 21. Bc2 Bc5 22. Qxc5 Qxc5 23. Bxc5 Rxc5 24. Rd4 Rc4 25. Rxc4 bxc4 26.
Rd2 f5 27. Kf2 Kf7 28. Kf3 Rb8 29. Bb1 Kf6 30. Ba2 Ne4 31. Rc2 Rc8 32. Ke3
g5 33. fxg5+ Nxg5 34. Rd2 Ne4 35. Rd4 Rb8 36. Bxc4 Rxb2 37. Bd3 Nxc3 38.
Rxh4 Rxg2 39. Bxa6 Ke5 40. Bc4 Nd5+ 41. Kf3 Rc2 42. a4 Rc3+ 43. Kf2 Nf4 44.
Bb5 Ke4 45. a5 Rc2+ 46. Ke1 Rc5 47. Bd7 Ke3 0-1

[Event "ECC"]
[Site "Rethymnon GRE"]
[Date "2003.09.28"]
[Round "1"]
[White "Smirnov,P"]
[Black "Hautot,S"]
[Result "1-0"]
[WhiteElo "2629"]
[BlackElo "2317"]
[EventDate "2003.09.28"]

1. e4 c5 2. Nf3 d6 3. d4 Nf6 4. Nc3 cxd4 5. Nxd4 g6 6. Be3 Bg7 7. f3 O-O 8.
Qd2 Nc6 9. Bc4 Bd7 10. h4 Rc8 11. Bb3 Ne5 12. O-O-O Nc4 13. Bxc4 Rxc4 14.
h5 Nxh5 15. g4 Nf6 16. Kb1 Re8 17. Nd5 e6 18. Nxf6+ Qxf6 19. Qh2 d5 20.
Qxh7+ Kf8 21. Bh6 Bxh6 22. Qxh6+ Ke7 23. Qe3 Qe5 24. Rh7 Rec8 25. Qa3+ R8c5
26. exd5 b6 27. Nc6+ Bxc6 28. Qxa7+ Bd7 29. d6+ Ke8 30. Rxf7 Rc7 31. Re7+
Kf8 32. dxc7 1-0

[Event "ECC"]
[Site "Rethymnon GRE"]
[Date "2003.09.28"]
[Round "1"]
[White "Navara,D"]
[Black "Tisdall,J"]
[Result "1-0"]
[WhiteElo "2608"]
[BlackElo "2481"]
[EventDate "2003.09.28"]

1. e4 c5 2. Nf3 d6 3. d4 cxd4 4. Nxd4 Nf6 5. Nc3 a6 6. Be2 e6 7. a4 Nc6 8.
O-O Be7 9. Be3 O-O 10. f4 Qc7 11. Kh1 Re8 12. Bf3 Rb8 13. g4 Nxd4 14. Bxd4
e5 15. fxe5 dxe5 16. Ba7 Ra8 17. g5 Bb4 18. Na2 Rxa7 19. Nxb4 a5 20. gxf6
axb4 21. Qd2 Qc5 22. fxg7 Ra6 23. Bh5 Be6 24. Rad1 Qc6 25. Qg2 Rxa4 26. Rf6
Qc7 27. Rdf1 Ra6 28. Qg5 Re7 29. Qh6 1-0

[Event "ECC"]
[Site "Rethymnon GRE"]
[Date "2003.09.28"]
[Round "1"]
[White "Stohl,I"]
[Black "Jansson,J"]
[Result "1-0"]
[WhiteElo "2556"]
[BlackElo "2256"]
[EventDate "2003.09.28"]

1. c4 f5 2. Nf3 Nf6 3. g3 g6 4. b3 Bg7 5. Bb2 O-O 6. Bg2 d6 7. d4 c6 8. Qc2
Qc7 9. Nbd2 Nbd7 10. O-O e5 11. e4 f4 12. c5 exd4 13. cxd6 Qxd6 14. Bxd4
Qe7 15. Rfe1 fxg3 16. hxg3 Ng4 17. e5 Rd8 18. Rad1 Nf8 19. Bc5 Qf7 20. Nc4
Bf5 21. Qe2 Ne6 22. Nd6 Qc7 23. Ba3 Nh6 24. Nh4 Bg4 25. f3 g5 26. fxg4 gxh4
27. Qc4 Qb6+ 28. Kh1 Re8 29. Nxe8 Rxe8 30. Rd6 1-0

[Event "ECC"]
[Site "Rethymnon GRE"]
[Date "2003.09.28"]
[Round "1"]
[White "Hammerstad,A"]
[Black "Timoscenko,G"]
[Result "0-1"]
[WhiteElo "2180"]
[BlackElo "2530"]
[EventDate "2003.09.28"]

1. d4 d5 2. c4 c6 3. e3 Nf6 4. Nc3 a6 5. Nf3 b5 6. b3 Bg4 7. Be2 e6 8. O-O
Nbd7 9. cxd5 cxd5 10. Ne5 Bxe2 11. Nxe2 Bd6 12. Bb2 Qb8 13. f4 Qb7 14. Ng3
g6 15. Rc1 O-O 16. Rf2 Rac8 17. Rfc2 Nb6 18. h3 Rxc2 19. Rxc2 Rc8 20. Kf2
h5 21. Qc1 h4 22. Rxc8+ Nxc8 23. Nf1 Ne4+ 24. Ke2 Ne7 25. Nd2 Nxd2 26. Qxd2
Nf5 27. Nf3 Ng3+ 28. Kd1 Be7 29. Qc2 Nf5 30. Ke2 Bd6 31. Bc1 b4 32. Kf2 a5
33. Bd2 Qa6 34. Be1 Kg7 35. Qe2 Qc6 36. Qb2 a4 37. bxa4 Qxa4 38. Qb3 Qa6
39. Qc2 Be7 40. Qe2 Qa3 41. Ne5 Qc1 42. Nd3 Qb1 43. Kf3 Bf6 44. Qd2 g5 45.
g4 gxf4 46. Nxf4 Qe4+ 0-1

[Event "ECC"]
[Site "Rethymnon GRE"]
[Date "2003.09.28"]
[Round "1"]
[White "Fahrner,K"]
[Black "Tregubov,P"]
[Result "0-1"]
[WhiteElo "2369"]
[BlackElo "2635"]
[EventDate "2003.09.28"]

1. d4 d5 2. c4 e6 3. Nf3 c6 4. Qc2 dxc4 5. Qxc4 Nf6 6. g3 b5 7. Qb3 Bb7 8.
Bg2 Nbd7 9. O-O a6 10. a4 c5 11. Bf4 c4 12. Qc2 Be7 13. Na3 Be4 14. Qd2 Qb6
15. Rfc1 O-O 16. Bf1 Rfc8 17. Ne5 Nxe5 18. Bxe5 Bd5 19. Nc2 Ne4 20. Qe1 b4
21. f3 Nf6 22. e4 Bb7 23. a5 Qa7 24. Nxb4 Nd7 25. Bf4 Qxd4+ 26. Be3 Qxb2
27. Rab1 Qf6 28. Qf2 Ne5 29. Be2 g5 30. Bd4 Qg7 31. Kf1 Bf6 32. f4 gxf4 33.
gxf4 Ng4 34. Bxg4 Bxd4 35. Qg2 Kh8 36. Nd5 Rab8 37. Nb6 Rg8 38. Nd7 Bxe4
39. Qxe4 Rxb1 40. Rxb1 f5 41. Qxe6 Qxg4 42. Rb8 Qf3+ 0-1

[Event "ECC"]
[Site "Rethymnon GRE"]
[Date "2003.09.28"]
[Round "1"]
[White "Bauer,Ch"]
[Black "Herndl,H"]
[Result "1-0"]
[WhiteElo "2589"]
[BlackElo "2334"]
[EventDate "2003.09.28"]

1. e4 e6 2. d4 d5 3. Nd2 c5 4. exd5 Qxd5 5. Ngf3 cxd4 6. Bc4 Qd6 7. O-O Nf6
8. Nb3 Nc6 9. Nbxd4 Nxd4 10. Nxd4 a6 11. Bb3 Qc7 12. Qf3 Bd6 13. h3 O-O 14.
Bg5 Bh2+ 15. Kh1 Be5 16. Rad1 h6 17. Bh4 Bd7 18. Rfe1 Rae8 19. c3 Bc8 20.
Bc2 Nd7 21. Qh5 f5 22. Bb3 Nc5 23. Nxf5 Bf4 24. Bc2 1-0

[Event "ECC"]
[Site "Rethymnon GRE"]
[Date "2003.09.28"]
[Round "1"]
[White "Degraeve,JM"]
[Black "Loebler,H"]
[Result "1-0"]
[WhiteElo "2541"]
[BlackElo "2216"]
[EventDate "2003.09.28"]

1. e4 c5 2. Nf3 Nc6 3. c3 d5 4. exd5 Qxd5 5. d4 Bg4 6. Be2 cxd4 7. cxd4 e6
8. Nc3 Qd6 9. d5 exd5 10. O-O Nf6 11. Nb5 Qd7 12. Bf4 Rc8 13. Ne5 Nxe5 14.
Bxe5 Bxe2 15. Qxe2 Rc4 16. Bxf6+ Re4 17. Qc2 gxf6 18. Nc7+ Ke7 19. Rad1 Rc4
20. Nxd5+ Qxd5 21. Rxd5 1-0

[Event "ECC"]
[Site "Rethymnon GRE"]
[Date "2003.09.28"]
[Round "1"]
[White "Apicella,M"]
[Black "Herndl,G"]
[Result "1-0"]
[WhiteElo "2522"]
[BlackElo "2181"]
[EventDate "2003.09.28"]

1. e4 e5 2. Nf3 Nc6 3. Bb5 a6 4. Ba4 Nf6 5. O-O Be7 6. Re1 b5 7. Bb3 O-O 8.
d4 d6 9. c3 Bg4 10. d5 Nb8 11. h3 Bh5 12. Nbd2 Qd7 13. Nf1 c6 14. Ng3 Bg6
15. a4 cxd5 16. exd5 Qb7 17. Nh4 Nbd7 18. Ngf5 Nc5 19. Bg5 Qd7 20. Nxe7+
Qxe7 21. f4 Nxb3 22. Qxb3 Bd3 23. Qd1 Bc4 24. axb5 Bxb5 25. Nf5 Qa7+ 26.
Kh1 Ne8 27. fxe5 f6 28. exf6 Qf2 29. Qg4 h5 30. Ne7+ 1-0

[Event "ECC"]
[Site "Rethymnon GRE"]
[Date "2003.09.28"]
[Round "1"]
[White "Jobava,Ba"]
[Black "Nikolaidis,I"]
[Result "1/2-1/2"]
[WhiteElo "2596"]
[BlackElo "2478"]
[EventDate "2003.09.28"]

1. c4 c5 2. Nc3 g6 3. g3 Bg7 4. Bg2 Nc6 5. Nf3 d6 6. O-O Nf6 7. d4 cxd4 8.
Nxd4 Bd7 9. Nb3 Qc8 10. Bg5 Ne5 11. Rc1 Bh3 12. Bxf6 Bxf6 13. Nd5 Bxg2 14.
Kxg2 Nd7 15. c5 dxc5 16. Nxc5 Nxc5 17. b4 O-O 18. Rxc5 Qe6 19. Qc2 Rac8 20.
Nc7 Qb6 21. Rb1 Rfd8 22. e4 Rd7 23. Nd5 Rxc5 24. bxc5 Qc6 25. Rd1 Kf8 26.
a4 h5 27. a5 Kg7 28. Nb4 Qe6 29. Rxd7 Qxd7 30. a6 Qb5 31. axb7 Qxb4 32. c6
Be5 33. c7 Bxc7 34. Qxc7 Qxe4+ 35. Kf1 Qb1+ 36. Ke2 Qe4+ 37. Kd2 Qd4+ 38.
Kc2 Qa4+ 39. Kc3 Qa1+ 40. Kd3 Qd1+ 41. Ke3 Qb3+ 42. Kf4 Qb4+ 43. Kf3 Qb3+
44. Kg2 Qd5+ 45. f3 Qa2+ 46. Kh3 Qe6+ 47. g4 hxg4+ 48. Kg3 Qe1+ 49. Kf4
Qb4+ 50. Ke5 Qb2+ 1/2-1/2

[Event "ECC"]
[Site "Rethymnon GRE"]
[Date "2003.09.28"]
[Round "1"]
[White "Grivas,E"]
[Black "Kacheishvili,G"]
[Result "1/2-1/2"]
[WhiteElo "2492"]
[BlackElo "2603"]
[EventDate "2003.09.28"]

1. d4 Nf6 2. c4 e6 3. Nf3 d5 4. Nc3 Be7 5. Bg5 h6 6. Bh4 O-O 7. e3 Ne4 8.
Bxe7 Qxe7 9. Rc1 c6 10. Bd3 Nxc3 11. Rxc3 dxc4 12. Rxc4 Nd7 13. O-O e5 14.
dxe5 Nxe5 15. Re4 Nxf3+ 16. Qxf3 Be6 17. Bc4 1/2-1/2

[Event "ECC"]
[Site "Rethymnon GRE"]
[Date "2003.09.28"]
[Round "1"]
[White "Izoria,Z"]
[Black "Sandalakis,A"]
[Result "1/2-1/2"]
[WhiteElo "2541"]
[BlackElo "2138"]
[EventDate "2003.09.28"]

1. d4 d5 2. c4 e6 3. Nc3 Nf6 4. cxd5 exd5 5. Bg5 c6 6. e3 Bf5 7. Qf3 Bg6 8.
Bxf6 Qxf6 9. Qxf6 gxf6 10. h4 h6 11. Kd2 Rg8 12. g3 Nd7 13. Bd3 Bxd3 14.
Kxd3 f5 15. h5 Nf6 16. Nf3 Ne4 17. Raf1 Be7 18. Ne2 a5 19. Nf4 Bf6 20. Ke2
a4 21. Rc1 Ra5 22. Nd3 Rb5 23. Nd2 Be7 24. Nb1 Bb4 25. Rc2 Ke7 26. Nc3 Bxc3
27. bxc3 Nd6 28. Rb2 Rxb2+ 29. Nxb2 a3 30. Nd3 Ne4 31. Rc1 Rg5 32. Nf4 b5
33. Kf3 Kd6 34. Kg2 Kc7 35. Nd3 Rxh5 36. f3 Nd2 37. Ne5 Nc4 38. Nxf7 Nxe3+
39. Kf2 Nc4 40. Kg2 Ne3+ 41. Kf2 Nc4 42. Kg2 Ne3+ 1/2-1/2

[Event "ECC"]
[Site "Rethymnon GRE"]
[Date "2003.09.28"]
[Round "1"]
[White "Stavrianakis,I"]
[Black "Pantsulaia,L"]
[Result "0-1"]
[WhiteElo "2035"]
[BlackElo "2461"]
[EventDate "2003.09.28"]

1. d4 Nf6 2. c4 e6 3. Nc3 c5 4. d5 exd5 5. cxd5 d6 6. e4 g6 7. Nf3 a6 8. a4
Bg4 9. Bd3 Bg7 10. O-O O-O 11. h3 Bxf3 12. Qxf3 Nbd7 13. Bf4 Qc7 14. Bc4
Nh5 15. Bh2 Ne5 16. Qe2 Rfe8 17. Rfe1 Nf6 18. f4 Nxc4 19. Qxc4 Nd7 20. a5
b5 21. axb6 Qxb6 22. Re2 Qb4 23. Qxb4 cxb4 24. Na4 Rac8 25. Rae1 Bd4+ 26.
Kf1 f6 27. Bg1 Bxg1 28. Kxg1 Rc7 29. Kf2 Rec8 30. Rd1 a5 31. b3 Kf7 32. Ke3
Ke7 33. Rdd2 Rc1 34. Kd3 R8c3+ 35. Nxc3 Rxc3+ 36. Kd4 Nc5 37. Rb2 Nxb3+ 38.
Rxb3 Rxb3 39. e5 fxe5+ 40. fxe5 dxe5+ 41. Rxe5+ Kd7 42. Re6 Rb1 43. Ra6
Rd1+ 44. Kc5 Rc1+ 45. Kd4 b3 0-1

[Event "ECC"]
[Site "Rethymnon GRE"]
[Date "2003.09.28"]
[Round "1"]
[White "Roiz,M"]
[Black "Nyysti,S"]
[Result "1-0"]
[WhiteElo "2554"]
[BlackElo "2399"]
[EventDate "2003.09.28"]

1. Nf3 Nf6 2. d4 e6 3. c4 b6 4. g3 Ba6 5. Nbd2 Bb7 6. Bg2 c5 7. e4 cxd4 8.
O-O d6 9. Nxd4 Nbd7 10. Re1 Qc7 11. a4 a6 12. a5 Be7 13. N2b3 Rc8 14. axb6
Nxb6 15. Na5 Ba8 16. Bd2 O-O 17. Rc1 Nfd7 18. b3 Rfe8 19. Be3 Qb8 20. b4
Nf6 21. b5 axb5 22. cxb5 d5 23. Ndc6 Bxc6 24. Nxc6 Qb7 25. Bxb6 1-0

[Event "ECC"]
[Site "Rethymnon GRE"]
[Date "2003.09.28"]
[Round "1"]
[White "Porrasmaa,T"]
[Black "Golod,V"]
[Result "0-1"]
[WhiteElo "2219"]
[BlackElo "2555"]
[EventDate "2003.09.28"]

1. d4 Nf6 2. Nf3 g6 3. Nc3 d5 4. Bf4 c6 5. e3 Bg7 6. Be2 Nh5 7. Be5 Nf6 8.
h3 O-O 9. O-O Bf5 10. Bd3 Nbd7 11. Bxf5 gxf5 12. Bf4 Ne4 13. Ne2 e6 14. Nc1
c5 15. c3 c4 16. Ne2 Kh8 17. Ne5 Nxe5 18. dxe5 Nc5 19. Qd4 Qc7 20. Bg3 Nd7
21. f4 f6 22. exf6 Bxf6 23. Qd1 Nc5 24. Nd4 Rg8 25. Be1 Rg6 26. Rc1 Rag8
27. Rc2 Qe7 28. Qf3 Bh4 29. Kh2 Ne4 30. Rg1 Bxe1 31. Rxe1 Qh4 32. Qf1 a6
33. Nf3 Qg3+ 34. Kh1 Rh6 35. Ne5 Rh5 36. Nf3 b5 37. Nd4 Rg6 38. Nf3 Rgh6
39. Rb1 Qg4 40. Qe1 Rxh3+ 0-1

[Event "ECC"]
[Site "Rethymnon GRE"]
[Date "2003.09.28"]
[Round "1"]
[White "Akopian,Vl"]
[Black "Tzermiadianos,And"]
[Result "1-0"]
[WhiteElo "2703"]
[BlackElo "2418"]
[EventDate "2003.09.28"]

1. e4 d5 2. exd5 Qxd5 3. Nc3 Qa5 4. d4 c6 5. Nf3 Nf6 6. Bc4 Bf5 7. Bd2 e6
8. Nd5 Qd8 9. Nxf6+ gxf6 10. Bb3 Nd7 11. Nh4 Bg6 12. Qf3 Be7 13. g4 Qb6 14.
O-O-O O-O-O 15. Rhe1 Bd6 16. Bf4 Bxf4+ 17. Qxf4 Qb5 18. Nf3 h5 19. g5 Qf5
20. Qe3 fxg5 21. Nxg5 Nf6 22. Qd2 Nd5 23. Kb1 Rd7 24. Ne4 Qf4 25. Nc5 Qxd2
26. Rxd2 Rdd8 27. Nd3 Bxd3 28. Rxd3 Ne7 29. c3 Rdg8 30. Rf3 Nf5 31. d5 cxd5
32. Bxd5 Nd6 33. Bb3 Rg2 34. h3 Rhg8 35. Kc2 R8g5 36. Kd3 Rf5 37. Ke2 Rh2
38. Rd1 Rxf3 39. Kxf3 Nf5 40. Bc2 Rxh3+ 41. Kg2 Rh4 42. Bxf5 exf5 43. Rd5
Rf4 44. f3 Ra4 45. a3 Ra6 46. Rc5+ Kd8 47. Rb5 Kc8 48. Kh3 f4 49. Kh4 Rg6
50. Rb4 Rg2 51. Kxh5 Kb8 52. b3 Rc2 53. Rc4 Rb2 54. b4 Ra2 55. Rxf4 Rxa3
56. Rxf7 Rxc3 57. f4 a5 58. bxa5 Rc5+ 59. Kg6 Rxa5 60. f5 Ka7 61. f6 Ra1
62. Rg7 Rg1+ 63. Kf7 Rf1 64. Rg5 Ka6 65. Ke6 Re1+ 66. Re5 Rh1 67. f7 Rh8
68. Rf5 1-0

[Event "ECC"]
[Site "Rethymnon GRE"]
[Date "2003.09.28"]
[Round "1"]
[White "Nedev,T"]
[Black "Mastrokoukos,G"]
[Result "1-0"]
[WhiteElo "2480"]
[BlackElo "2363"]
[EventDate "2003.09.28"]

1. e4 c5 2. Nf3 Nc6 3. Nc3 e6 4. d4 cxd4 5. Nxd4 Nf6 6. Nxc6 bxc6 7. e5 Nd5
8. Ne4 Qa5+ 9. c3 f5 10. exf6 Nxf6 11. Nxf6+ gxf6 12. Be2 Ba6 13. O-O Bxe2
14. Qxe2 Bg7 15. Rd1 Rd8 16. Bf4 O-O 17. Bd6 Rf7 18. Rd3 Bf8 19. b4 Qb6 20.
Rad1 Bxd6 21. Rxd6 a5 22. Qd2 axb4 23. cxb4 Qa6 24. Rxe6 Ra8 25. Re2 d5 26.
Rde1 Kg7 27. Qc3 Qc4 28. Qg3+ Kf8 29. Qd6+ Kg7 30. Re7 Raf8 31. Qg3+ Kh6
32. R7e6 Qxb4 33. f4 Qc5+ 34. Kh1 d4 35. R6e5 Qc2 36. Rg5 Qg6 37. Rxg6+
hxg6 38. f5 g5 39. Qd6 1-0

[Event "ECC"]
[Site "Rethymnon GRE"]
[Date "2003.09.28"]
[Round "1"]
[White "Logothetis,S"]
[Black "Stanojoski,Z"]
[Result "0-1"]
[WhiteElo "2255"]
[BlackElo "2496"]
[EventDate "2003.09.28"]

1. d4 Nf6 2. c4 c5 3. d5 b5 4. Nd2 bxc4 5. e4 Ba6 6. Bxc4 Qa5 7. Qe2 g6 8.
Ngf3 Bg7 9. O-O O-O 10. Re1 d6 11. h3 Nfd7 12. Bxa6 Qxa6 13. Nc4 Nb6 14.
Nxb6 axb6 15. Bg5 Re8 16. a4 Qxe2 17. Rxe2 b5 18. a5 Nd7 19. a6 h6 20. Bc1
Reb8 21. Bf4 g5 22. Bg3 Rb6 23. a7 Rb7 24. e5 dxe5 25. Nxe5 Bxe5 26. Bxe5
Rbxa7 27. Rae1 Ra1 28. f4 Rxe1+ 29. Rxe1 f6 30. Bc7 Rc8 31. d6 e5 32. fxe5
fxe5 33. Ra1 b4 34. Kf2 Kf7 35. Ke3 Ke6 36. b3 Rf8 37. Ra2 Rf1 38. Ra8 Rb1
39. Kd3 Kd5 40. Kc2 Rg1 41. Rd8 Rxg2+ 42. Kb1 Kc6 43. Rc8 Rg3 44. Kc2 Rc3+
45. Kb2 Rxh3 46. Bb8+ Kd5 0-1

[Event "ECC"]
[Site "Rethymnon GRE"]
[Date "2003.09.28"]
[Round "1"]
[White "Horvath,Ad"]
[Black "Batinic,P"]
[Result "1-0"]
[WhiteElo "2503"]
[BlackElo "2191"]
[EventDate "2003.09.28"]

1. e4 c6 2. d4 d5 3. Nc3 dxe4 4. Nxe4 Nf6 5. Nxf6+ gxf6 6. c3 Bf5 7. Ne2 e6
8. Ng3 Bg6 9. Be2 Qc7 10. O-O Bd6 11. f4 f5 12. c4 Nd7 13. Rb1 Nf6 14. b4
Rd8 15. Qb3 h5 16. Bf3 h4 17. Ne2 h3 18. g3 Bh5 19. Bxh5 Rxh5 20. c5 Be7
21. b5 Rd7 22. a4 Ne4 23. Be3 Bf6 24. Qc4 Ke7 25. Rb4 Rh8 26. Rfb1 cxb5 27.
axb5 Rc8 28. Qa2 Rcd8 29. Qxa7 e5 30. c6 exd4 31. Nxd4 Bxd4 32. Bxd4 bxc6
33. Qxc7 Rxc7 34. Bb6 Rdd7 35. Bxc7 Rxc7 36. b6 Rb7 37. Ra4 c5 38. Ra7 Nd6
39. Rd1 1-0

[Event "ECC"]
[Site "Rethymnon GRE"]
[Date "2003.09.28"]
[Round "1"]
[White "Plakalovic,P"]
[Black "Horvath,Cs1"]
[Result "0-1"]
[WhiteElo "2168"]
[BlackElo "2513"]
[EventDate "2003.09.28"]

1. e4 c5 2. Nf3 e6 3. b3 b6 4. c4 Bb7 5. Nc3 Nf6 6. Bd3 Nc6 7. O-O Be7 8.
Re1 d6 9. Bb2 Nd7 10. Rc1 Bf6 11. Ba1 a6 12. Qe2 g5 13. Rf1 h5 14. Ne1 Nde5
15. Nc2 g4 16. Rce1 Qc7 17. a3 h4 18. f4 gxf3 19. gxf3 O-O-O 20. Kh1 Ne7
21. Qe3 Rhg8 22. Rg1 Nf5 23. Qe2 h3 24. Na4 Rg2 25. Rxg2 hxg2+ 26. Kg1 Nh4
27. Bxe5 Bxe5 28. Ne3 Rh8 29. Qf2 d5 30. f4 Bxf4 31. Ng4 dxe4 32. Bxe4 f5
33. Bxb7+ Kxb7 34. Rxe6 fxg4 35. Rxb6+ Qxb6 36. Nxb6 Nf3+ 0-1

[Event "ECC"]
[Site "Rethymnon GRE"]
[Date "2003.09.28"]
[Round "1"]
[White "Corbin,P"]
[Black "Meins,G"]
[Result "0-1"]
[WhiteElo "2235"]
[BlackElo "2454"]
[EventDate "2003.09.28"]

1. e4 c5 2. Nf3 Nc6 3. d4 cxd4 4. Nxd4 Nf6 5. Nc3 d6 6. Bc4 e6 7. Be3 Be7
8. Qd2 Ng4 9. Nxc6 bxc6 10. Bf4 e5 11. Bg3 O-O 12. h3 Nf6 13. f3 Nh5 14.
Bf2 Bg5 15. Qe2 Nf4 16. Qf1 d5 17. h4 Bh6 18. Rd1 Qa5 19. exd5 cxd5 20.
Rxd5 Nxd5 21. Bxd5 Ba6 22. Qg1 Rac8 23. Bb3 Rxc3 0-1

[Event "ECC"]
[Site "Rethymnon GRE"]
[Date "2003.09.28"]
[Round "1"]
[White "Arduman,C"]
[Black "Acs,P"]
[Result "1/2-1/2"]
[WhiteElo "2336"]
[BlackElo "2606"]
[EventDate "2003.09.28"]

1. d4 Nf6 2. c4 g6 3. g3 Bg7 4. Bg2 O-O 5. Nc3 d6 6. Nf3 Nc6 7. O-O a6 8.
b3 Rb8 9. Nd5 Nh5 10. Bb2 e6 11. Nc3 b5 12. cxb5 axb5 13. Qd2 Nf6 14. Rfc1
Ne7 15. Qd3 Nd7 16. e4 Bb7 17. b4 c5 18. bxc5 dxc5 19. Nxb5 Bxe4 20. Qxe4
Rxb5 21. Rab1 Nd5 22. Ba1 Rb4 23. a3 Ra4 24. Qc2 Ra5 25. dxc5 Bxa1 26. Rxa1
Rxc5 27. Qd2 Qf6 28. Rxc5 Nxc5 29. Qd4 Qxd4 30. Nxd4 Ra8 31. Nc2 1/2-1/2

[Event "ECC"]
[Site "Rethymnon GRE"]
[Date "2003.09.28"]
[Round "1"]
[White "Ipek,A"]
[Black "Miton,K"]
[Result "1/2-1/2"]
[WhiteElo "2232"]
[BlackElo "2546"]
[EventDate "2003.09.28"]

1. d4 Nf6 2. Nf3 c5 3. d5 g6 4. c4 b5 5. cxb5 a6 6. b6 Qxb6 7. Nc3 Bg7 8.
e4 O-O 9. Be2 d6 10. Nd2 Nbd7 11. Nc4 Qc7 12. O-O Nb6 13. Ne3 Bb7 14. a4
Rae8 15. a5 Nc8 16. Nc4 e6 17. Bf3 exd5 18. exd5 Nd7 19. Ra3 Ne5 20. Be2
Ne7 21. Nxe5 Bxe5 22. Bh6 Bg7 23. Bxg7 Kxg7 24. Bc4 Bc8 25. Qd2 Ng8 26. Ne2
Nf6 27. Ng3 Ne4 28. Nxe4 Rxe4 29. Qc3+ Kg8 30. Rb3 Rd4 31. Rb6 Re8 32. b3
Bb7 33. Qf3 Kg7 34. h3 Re5 35. Rd1 Rf5 36. Qc3 Rff4 37. g3 Rfe4 38. f3 Re3
39. Qxe3 Rxd1+ 40. Kf2 Rd4 41. h4 Bxd5 42. h5 Bxc4 43. bxc4 Qd7 44. h6+ Kf6
45. g4 Qe6 46. Rxa6 g5 47. Qxe6+ Kxe6 48. Ra8 Rxc4 49. Rh8 Kf6 50. Rxh7 Kg6
51. Rg7+ Kxh6 52. Rxf7 Ra4 53. Rf6+ Kg7 54. Rxd6 Rxa5 55. Ke3 Ra3+ 56. Ke4
Ra4+ 57. Kf5 Rf4+ 58. Kxg5 Rxf3 59. Re6 Rf6 60. Rxf6 1/2-1/2

[Event "ECC"]
[Site "Rethymnon GRE"]
[Date "2003.09.28"]
[Round "1"]
[White "Grabarczyk,M"]
[Black "Ulucan,T"]
[Result "1-0"]
[WhiteElo "2508"]
[BlackElo "2103"]
[EventDate "2003.09.28"]

1. d4 d5 2. c4 c6 3. Nf3 e6 4. Qc2 f5 5. g3 Nf6 6. Bg2 Bd6 7. Bf4 Bxf4 8.
gxf4 O-O 9. O-O Ne4 10. Nbd2 Nd7 11. Rac1 a5 12. Kh1 h6 13. Qd3 g5 14. Qe3
g4 15. Ne1 Qh4 16. Nd3 Kh7 17. Rg1 Ndf6 18. Bxe4 dxe4 19. Ne5 Bd7 20. Rg2
Be8 21. Qa3 Nd7 22. c5 Nf6 23. Qb3 Rb8 24. Qg3 Qxg3 25. hxg3 b5 26. cxb6
Rxb6 27. b3 Nd5 28. Rgg1 Rg8 29. Rc5 Ra6 30. a3 Rg7 31. Rgc1 Rc7 32. Ndc4
a4 33. b4 Rca7 34. Na5 Ne7 35. Naxc6 Bxc6 36. Nxc6 Nxc6 37. Rxc6 Rxc6 38.
Rxc6 Kg7 39. Kg2 Kf7 40. Kf1 Ke7 41. Ke1 Rd7 42. e3 Ra7 43. Kd2 Kd7 44. Rb6
h5 45. Rb5 Kc6 46. Ra5 Rg7 47. Rxa4 h4 48. gxh4 g3 49. fxg3 Rxg3 50. Ra5
Rg2+ 51. Kd1 Rg3 52. Rc5+ Kb6 53. Ke2 Rg2+ 54. Kf1 Rg3 55. Kf2 Rf3+ 56. Ke2
Rh3 57. d5 Rh2+ 58. Kf1 exd5 59. Rxd5 Rh3 60. Ke2 1-0